| 000 | 01187cam a2200373 i 4500 | ||
|---|---|---|---|
| 001 | 18621715 | ||
| 003 | OSt | ||
| 005 | 20180307181141.0 | ||
| 008 | 150518s2015 paua b 001 0 eng | ||
| 010 | _a 2015019766 | ||
| 020 | _a9781469853031 (alk. paper) | ||
| 020 | _a1469853035 (alk. paper) | ||
| 035 | _a(DNLM)101658892 | ||
| 040 |
_aDNLM/DLC _cDLC _erda _dDLC |
||
| 042 | _apcc | ||
| 050 | 0 | 0 |
_aRT41 _b.N886 2015 |
| 082 |
_aWY 100 _bL663w 2016 |
||
| 245 | 0 | 0 | _aLippincott nursing procedures. |
| 246 | 1 | _aNursing procedures | |
| 250 | _a7th.ed. | ||
| 264 | 1 |
_aPhiladelphia : _bWolters Kluwer, _c2016 |
|
| 300 |
_aix, 854 pages : _bcol.ill; _c29 cm |
||
| 336 |
_atext _2rdacontent |
||
| 337 |
_aunmediated _2rdamedia |
||
| 338 |
_avolume _2rdacarrier |
||
| 500 | _aPreceded by Lippincott's nursing procedures. 6th ed. c2013. | ||
| 504 | _aIncludes bibliographical references and index. | ||
| 650 | 1 | 2 |
_aNursing Care. _96212 |
| 650 | 2 | 2 |
_aEvidence-Based Nursing. _911899 |
| 710 | 2 |
_aLippincott Williams & Wilkins, _epublisher. _912517 |
|
| 906 |
_a7 _bcbc _corignew _d1 _eecip _f20 _gy-gencatlg |
||
| 942 |
_2z _cSLOAN |
||
| 999 |
_c6038 _d6038 |
||